00721 2200265 4500001002100000005001700021008004100038020002200079035002500101040001200126082001700138090001900155100001300174245008100187250001100268260002600279300002500305650002000330700002100350700001800371850001200389990001800401990001800419990001800437INLIS00000000000512420150729084437.0  a978-979-433-806-3 a0010-051500000000257 aYOPDYOG 223a899.2213 b899.2213 Mar P aMARIE Lu aProdigyc/ Marie Lu; Penerjemah, Lelita Primadani; Penyunting, Dyah Agustine aCet. 1 aBandungbQanitac2013 a465 hlm.c; 20,5 cm. aFiksi Indonesia aLELITA Primadani aDYAH Agustine aYOPDYOG a15383-PD/B.15 a15384-PD/B.15 a15385-PD/B.15